书目信息 |
| 题名: |
一看就会
|
|
| 作者: | 小蔡 , 史鹏飞 , 唐菲悦 , 潇水 著 | |
| 分册: | ||
| 出版信息: | 北京 人民邮电出版社 2025.03 |
|
| 页数: | 120页 | |
| 开本: | 21cm | |
| 丛书名: | ||
| 单 册: | ||
| 中图分类: | TP18 | |
| 科图分类: | ||
| 主题词: | 人工智能--ren gong zhi neng | |
| 电子资源: | ||
| ISBN: | 978-7-115-66734-2 | |
| 000 | 01269nam0 2200301 450 | |
| 001 | 94152 | |
| 005 | 20250820082051.99 | |
| 010 | @a978-7-115-66734-2@dCNY49.80 | |
| 100 | @a20250411d2025 em y0chiy50 ea | |
| 101 | 0 | @achi |
| 102 | @aCN@b110000 | |
| 105 | @aa z 000yy | |
| 106 | @ar | |
| 200 | 1 | @a一看就会@Ayi kan jiu hui@eDeepSeek+豆包@e大字大图配视频@f小蔡 ... [等] 著 |
| 210 | @a北京@c人民邮电出版社@d2025.03 | |
| 215 | @a120页@c彩图@d21cm | |
| 304 | @a题名页题其余责任者: 史鹏飞, 唐菲悦, 潇水 | |
| 314 | @a小蔡, 字节跳动资深研发工程师。长期致カ于AI工具的开发与应用, 尤其擅长将复杂AI技术转化为通俗易懂的教程。 | |
| 330 | @aAI早已悄悄融入生活, 成为每个人触手可及的智能伙伴。它能让日子过得更轻松、更丰富、更有趣! 本书是一本大字图解配视频的AI实用指南, 以五天学习计划为框架, 帮助读者零基础认识AI、学会使用热门AI工具 (如豆包、DeepSeek), 并将其运用于日常生活中。本书涵盖AI基础知识、生活助手功能、健康管理功能、娱乐应用功能及艺术创作功能等内容。 | |
| 606 | 0 | @a人工智能@Aren gong zhi neng |
| 610 | 0 | @aDeepSeek |
| 690 | @aTP18@v5 | |
| 701 | 0 | @a小蔡@Axiao cai@4著 |
| 701 | 0 | @a史鹏飞@Ashi peng fei@4著 |
| 701 | 0 | @a唐菲悦@Atang fei yue@4著 |
| 701 | 0 | @a潇水@Axiao shui@4著 |
| 801 | 0 | @aCN@c20250909 |
| 905 | @a河南城建学院图书馆@dTP18@eX374@f1 | |
| 一看就会:DeepSeek+豆包:大字大图配视频/小蔡 ... [等] 著.-北京:人民邮电出版社,2025.03 |
| 120页:彩图;21cm |
| ISBN 978-7-115-66734-2:CNY49.80 |
| AI早已悄悄融入生活, 成为每个人触手可及的智能伙伴。它能让日子过得更轻松、更丰富、更有趣! 本书是一本大字图解配视频的AI实用指南, 以五天学习计划为框架, 帮助读者零基础认识AI、学会使用热门AI工具 (如豆包、DeepSeek), 并将其运用于日常生活中。本书涵盖AI基础知识、生活助手功能、健康管理功能、娱乐应用功能及艺术创作功能等内容。 |
| ● |
| 相关链接 |
|
|
|
正题名:一看就会
索取号:TP18/X374
 
预约/预借
| 序号 | 登录号 | 条形码 | 馆藏地/架位号 | 状态 | 备注 |
| 1 | 1628078 | 216280780 | 自科库301/301自科库 102排5列3层/ [索取号:TP18/X374] | 在馆 |